000
00317nam a22001337a 4500
008
181031b xxu||||| |||| 00| 0 eng d
020
_a
0801670683
041
_a
eng
080
_2
3rd
_a
616
100
_a
9
101
_a
PAT
245
_a
The Lung. Radiologic-Pathologic Correlations
_c
Groskin, S.A
942
_2
udc
_c
BK
999
_c
51288
_d
51288